| Tag |
First Indicator |
Second Indicator |
Subfields |
| LEADER |
00000cam a22000008i 4500 |
| 001 |
in00003720321 |
| 005 |
20160815094633.0 |
| 008 |
151005t20162016nyu d 000 1 eng |
| 010 |
|
|
|a 2015022728
|
| 035 |
|
|
|a (OCoLC)ocn928479387
|
| 040 |
|
|
|a DLC
|b eng
|e rda
|c DLC
|d YDXCP
|d BTCTA
|d OCLCQ
|d GZU
|d FOLLT
|d WL8
|d OCLCO
|d JAO
|d OCLCO
|d VP@
|d IHX
|
| 019 |
|
|
|a 951011981
|
| 020 |
|
|
|a 9780553539479
|q (hardcover)
|
| 020 |
|
|
|a 0553539477
|q (hardcover)
|
| 020 |
|
|
|a 9780553539486
|q (hardcover library binding)
|
| 020 |
|
|
|a 0553539485
|q (hardcover library binding)
|
| 020 |
|
|
|z 9780553539493
|q (ebook)
|
| 020 |
|
|
|z 0553539493
|q (ebook)
|
| 020 |
|
|
|a 9780553539509
|q (pbk.)
|
| 020 |
|
|
|a 0553539507
|q (pbk.)
|
| 035 |
|
|
|a (OCoLC)928479387
|z (OCoLC)951011981
|
| 042 |
|
|
|a lcac
|a pcc
|
| 043 |
|
|
|a n-us-ma
|
| 050 |
0 |
0 |
|a PZ7.1.M3765
|b Ho 2016
|
| 082 |
0 |
4 |
|a 813/.6
|a [Fic]
|2 23
|
| 049 |
|
|
|a TXAM
|
| 090 |
|
|
|a PS3613.A826
|b H69 2016
|
| 100 |
1 |
|
|a Mather, Adriana,
|e author.
|
| 245 |
1 |
0 |
|a How to hang a witch /
|c Adriana Mather.
|
| 250 |
|
|
|a First edition.
|
| 264 |
|
1 |
|a New York :
|b Alfred A. Knopf,
|c [2016]
|
| 264 |
|
4 |
|c ©2016
|
| 300 |
|
|
|a 358 pages ;
|c 22 cm.
|
| 336 |
|
|
|a text
|b txt
|2 rdacontent
|
| 337 |
|
|
|a unmediated
|b n
|2 rdamedia
|
| 338 |
|
|
|a volume
|b nc
|2 rdacarrier
|
| 520 |
|
|
|a Follows fifteen-year-old Samantha Mather, who has moved to Salem with her stepmother 300 years after her family hanged witches there, to find she is ostracized by the witch descendants at school, as she unravels the lost secrets of the hangings and her family.
|
| 650 |
|
1 |
|a Witchcraft
|v Fiction.
|
| 650 |
|
1 |
|a Supernatural
|v Fiction.
|
| 650 |
|
1 |
|a Blessing and cursing
|v Fiction.
|
| 650 |
|
1 |
|a Trials (Witchcraft)
|v Fiction.
|
| 651 |
|
1 |
|a Salem (Mass.)
|v Fiction.
|
| 650 |
|
0 |
|a Paranormal fiction.
|
| 650 |
|
0 |
|a Blessing and cursing
|v Juvenile fiction.
|
| 650 |
|
0 |
|a Trials (Witchcraft)
|v Juvenile fiction.
|
| 651 |
|
0 |
|a Salem (Mass.)
|v Juvenile fiction.
|
| 655 |
|
7 |
|a Paranormal fiction.
|2 lcgft
|
| 948 |
|
|
|a cataloged
|b h
|c 2016/8/15
|d c
|e ceaton
|f 9:24:36 am
|
| 994 |
|
|
|a C0
|b TXA
|
| 999 |
f |
f |
|s 1a59531d-659e-3db3-a4cc-a49244fc5144
|i 9464c33f-94af-344e-9e89-e6e805e71eeb
|t 0
|
| 952 |
f |
f |
|p normal
|a Texas A&M University
|b College Station
|c Sterling C. Evans Library
|d Evans: Library Stacks
|t 0
|e PS3613.A826 H69 2016
|h Library of Congress classification
|i unmediated -- volume
|m A14843655227
|
| 998 |
f |
f |
|a PS3613.A826 H69 2016
|t 0
|l Evans: Library Stacks
|